Ekonomia i miedzynarodowe stosunki gospodarcze 4

Salvato in:
Dettagli Bibliografici
Altri autori: Fiedor, Boguslaw, Rymarczyk, Jan
Natura: Libro
Lingua:polacco
Pubblicazione: Wroclaw Wydawnictwo Akademii Ekonomicznej im. Oskara Langego we Wroclawiu 1997
Serie:Prace naukowe Nr. 760
Soggetti:
Tags: Aggiungi Tag
Nessun Tag, puoi essere il primo ad aggiungerne!!

MARC

LEADER 00000nam a2200000 4500
001 c103068
005 20250509102412.2
022 |a 0324-8445, 1427-2229 
041 0 |a pol 
044 |a PL 
245 1 0 |a Ekonomia i miedzynarodowe stosunki gospodarcze 4  |c Redaktorzy naukowi: Boguslaw Fiedor, Jan Rymarczyk 
264 1 |a Wroclaw  |b Wydawnictwo Akademii Ekonomicznej im. Oskara Langego we Wroclawiu  |c 1997 
300 |a 369 s. 
490 1 |a Prace naukowe  |v Nr. 760 
830 0 |a Prace naukowe  |v Nr. 760 
610 2 0 |a vzťahy hospodárske medzinárodné 
610 2 0 |a ekonómia 
610 2 0 |a franchising 
610 2 0 |a vývoz 
610 2 0 |a podnik 
610 2 0 |a trh medzinárodný 
610 2 0 |a automobily 
610 2 0 |a ochrana prostredia životného 
610 2 0 |a investície 
610 2 0 |a internacionalizácia ekonomiky 
610 2 0 |a zákony 
610 2 0 |a colníctvo 
610 2 0 |a energia 
610 2 0 |a priemysel 
610 2 0 |a konflikty 
610 2 0 |a obchod 
610 2 0 |a roľníci 
610 2 0 |a stavebníctvo 
610 2 0 |a rozvoj hospodársky 
610 2 0 |a integrácia 
610 2 0 |a trh peňažný 
610 2 0 |a Európska únia 
610 2 0 |a Poľsko 
700 1 |a Fiedor, Boguslaw 
700 1 |a Rymarczyk, Jan